Energetická politika členských států OECD [Organization for Economic Cooperation and Development] pro 90. léta /

Hlavní autor: Chaloupka, Jindřich
Jazyk: Čeština
Vydáno: Praha : Ústřední ústav národohospodářského výzkumu, 1992
Edice: Studijně rozborové a informační materiály
Fyzický popis: 79 s.
Knihy
Uloženo v:
LEADER 00910nam a2200241 a 4500
001 000560472
003 CZ BrMZK
005 20000105143423.0
007 ta
008 000105s1992 xr f cze d
040 |a BOA001  |b cze 
080 |a 620.9(100)"199"  |2 MRF 
100 1 |a Chaloupka, Jindřich  |7 jx20040727021 
245 1 0 |a Energetická politika členských států OECD [Organization for Economic Cooperation and Development] pro 90. léta /  |c vyprac. Jindřich Chaloupka. 
260 |a Praha :  |b Ústřední ústav národohospodářského výzkumu,  |c 1992 
300 |a 79 s. 
490 1 |a Studijně rozborové a informační materiály 
500 |a Bibliogr. 
500 |a Ob. též angl. a rus. 
830 0 |a Studijně rozborové a informační materiály  |0 s 
910 |a BOA001  |b 2-0977.667 
990 |a BK 
996 6 |b 2619717715  |c 2-0977.667  |l MZK  |r Sklad / do 1 hodiny  |n 6  |w 000560472  |u 000010  |a 1  |e BOA001  |j MZK50  |s P